000 00304nam a2200157Ia 4500
100 _aKalin/Martin
650 _aJava
942 _cBK
366 _f20
245 _aJava web services
260 _bSPD
_c2009
082 _a5.133
_bKAL
300 _a297
546 _aENGLISH
_cComputers
999 _c21555
_d21555